Anaerobic transformation of furfural by methanococcus deltae (Delta)LH /

Kaydedildi:
Detaylı Bibliyografya
Yazar: Belay, N.
Diğer Yazarlar: Boopathy, R., Voskuilen, G.
Materyal Türü: Makale
Dil:English
Konular:
Etiketler: Etiketle
Etiket eklenmemiş, İlk siz ekleyin!
Thư viện lưu trữ: Thư viện Trường Đại học Đà Lạt
LEADER 01048nam a2200349 4500
001 DLU090096581
005 ##20091201
040 # # |a DLU  |b eng 
041 # # |a eng 
044 # # |a us 
100 # # |a Belay, N. 
245 # # |a Anaerobic transformation of furfural by methanococcus deltae (Delta)LH /  |c N. Belay, R. Boopathy, G. Voskuilen. 
653 # # |a Anaerobiosis  
653 # # |a Bacteria  
653 # # |a Biological purification  
653 # # |a Biotransformation  
653 # # |a Furfural  
653 # # |a Methanogenic bacteria 
653 # # |a Microorganism culture  
653 # # |a Waste water purification 
700 # # |a Boopathy, R. 
700 # # |a Voskuilen, G. 
773 # # |t Applied and Environmental Microbiology  |g Vol. 63, no. 5 (May 1997), p. 2092-2094 
920 # # |a Phòng Tạp chí -- Trung tâm Thông tin - Thư viện Trường Đại học Đà Lạt 
994 # # |a DLU 
900 # # |a True 
911 # # |a Trương Bảo Trâm Anh 
925 # # |a G 
926 # # |a A 
927 # # |a BB 
980 # # |a Thư viện Trường Đại học Đà Lạt